000 00691nam a2200289Ia 4500
005 20260324135826.0
008 008 260324s9999 xx 000 0 eng d
020 _a9780203165218
037 _aEBOOK
040 _aCRL
040 _beng
040 _cCRL
041 _2eng
041 _aeng
084 _qCRL
100 _aTracy L. Sweely
_91202065
245 0 _aManifesting Power
245 0 _bGender and the Interpretation of Power in Archaeology
260 _bTaylor and Francis
260 _c1999
365 _a
365 _b230
856 _uhttp://www.taylorfrancis.com/books/9780203165218
942 _cEBOOK
999 _c1803533
_d1803533